000 00961nam a22002537a 4500
003 BD-DhSAU
005 20190113092724.0
008 151014b2016 bg ||||| |||| 001 0 eng d
040 _aBD-DhSAU
082 _222
_a581.2
_bSh288
100 _aMAHI SHAWKAT
_eREGISTRATION NO. : 09-03486
245 _aPrevalence of bacterial wilt of potato caused by ralstonia solanacearum at manikganj district and its in vitro management /
_bMS Thesis
260 _aSher-e- Bangla Agricultural University :
_bDepartment of Plant Pathology,
_c2016
300 _avii, 52 p. :
_bill. ;
_c30 cm.
590 _aShofi
650 _aPlant Pathology
650 _aBACTERIAL WILT
650 _aPOTATO
650 _aVITRO MANAGEMENT
_zMANIKGANJ DISTRICT
700 _a Chowdhury, M. Salahuddin M.
_eSupervisor
700 _aSultana, Nazneen
_eCo-Supervisor
856 _uhttp://archive.saulibrary.edu.bd:8080/xmlui/handle/123456789/6
_yOnline Access
942 _2ddc
_cTHESIS
999 _c13996
_d13995